Statistics for SAT Words Click Quiz - V

Click here to take the quiz!

General Stats

  • This quiz has been taken 220 times
  • The average score is 12 of 15

Answer Stats

HintAnswer% Correct
Defeat, overcomeVanquish
90%
Annoy, frustrateVex
88%
Thick and sticky in consistencyViscous
88%
Lush with greeneryVerdant
85%
Clear from blame or guiltVindicate
85%
Possessing courageValorous
83%
Deserving respect because of ageVenerable
83%
Lacking liveliness; dullVapid
79%
Relating to internal organsVisceral
79%
Capable of succeedingViable
78%
Harsh, corrosive languageVitriol
78%
Marked by forceful intensityVehement
72%
TalkativeVoluble
69%
The appearance of being trueVerisimilitude
63%
An unpredictable or erratic actionVagary
62%

Score Distribution

Percentile by Number Answered

Percent of People with Each Score

Your Score History

You have not taken this quiz